000 00449pab a2200157 454500
008 180718b1996 xxu||||| |||| 00| 0 eng d
100 _aSrinivasulu, K.
245 _a1985 textile policy and handloom industry: policy, promises and performance
260 _c1996
300 _ap.3198-206
362 _a7 Dec
650 _aTextile industry - India
650 _aIndustrial development
773 _aEconomic and Political Weekly
909 _a32796
999 _c32796
_d32796